000 00979cam a2200217 4500
008 020515n2002 000 0 eng u
035 _a(Sirsi) u117964
245 _aMaSC launch
260 _c2002
490 _aRICS News Service
_v9 May 2002, (1)
520 _aNew management process, Managing Sustainable Construction (MaSCh) is developed under the DTI Partners in Innovation programme. This will help construction companies improve their performance moving to more sustainable construction. Further information is available including a booklet from Ruth Woodall t +44 (0) 1923 664873, e [email protected] For press release: http://www.rics.org/ricscms/bin/show?class=News&template=/includes/shownews.html&id=2477
590 _aWB
650 _aMASC
650 _aSUSTAINABLE CONSTRUCTION
650 _aDTI
650 _aPARTNERS IN INNOVATION
650 _aSustainability
_96271
650 _aCONSTRUCTION SECTOR
690 _aDEVELOPMENT-SUSTAINABLE
942 _n0
999 _c70253
_d70253